000 00319nam a22001457a 4500
008 210322b ||||| |||| 00| 0 eng d
020 _a9780495111641
041 _aeng
080 _25th
_a61
082 _a61
100 _a3
101 _aSHM
245 _aAn Invitation to Health Brief
_cHales, D
942 _2udc
_cBK
999 _c56663
_d56663